Statystyki dla nazwij huberta po zdjeciu

Kliknij tutaj aby rozwiązać quiz!

Ogólne statystyki

  • Ten quiz został rozwiązany 14 razy
  • Średni wynik to 11 z 18

Statystyki odpowiedzi

Odpowiedź% Poprawnych
hubert bramkarz
100%
hubert byk
88%
hubert bokser
75%
hubert jeżyk
75%
hubert legionista
75%
hubert farmer
63%
hubert karp
63%
hubert leroy merlin
63%
hubert rider
63%
kebab stop
63%
hubert garniaczek szczęśliwy
50%
hubert idol
50%
hubert napastnik
50%
hubert na smyczy
50%
hubert marynarz
38%
hubert na bali
38%
hubert na plaży
38%
hubert sie cieszy
38%

Rozkład punktacji

Percentyl według liczby udzielonych odpowiedzi

Procent ludzi z każdym wynikiem

Twoja historia wyników

Nie rozwiązałeś tego quizu